| 000 | 01136nam a22003497a 4500 | ||
|---|---|---|---|
| 003 | CHAP | ||
| 005 | 20220329135702.0 | ||
| 008 | 971013s1966 r 00010 d | ||
| 010 | _a40553 | ||
| 011 | _a41525 | ||
| 035 | _a45651 | ||
| 040 | _cCHAP | ||
| 090 | _aTesis | ||
| 100 | 0 | 0 |
_aFlores Crespo, Raúl. _941477 |
| 245 | _aEstudio preliminar del género Solanum, sección Tuberarium, subsección Hyperbasarthrum | ||
| 260 |
_aMéxico, D.F. : _bEl autor, _c1966 |
||
| 300 |
_a100 h. _b: láms. ; mapas |
||
| 502 | _aTesis (Biólogo) -- UNAM. Fac. de Ciencias | ||
| 590 |
_aALEPH _b10 _c20130110 _lUCH01 _h1309 |
||
| 590 |
_aBATCH-UPD _b10 _c20130110 _lUCH01 _h0002 |
||
| 590 |
_aBATCH-UPD _b10 _c20130110 _lUCH01 _h1058 |
||
| 590 |
_aBATCH-UPD _b10 _c20130409 _lUCH01 _h1936 |
||
| 590 |
_aBATCH-UPD _b10 _c20130410 _lUCH01 _h0652 |
||
| 590 |
_aBATCH-UPD _b10 _c20130914 _lUCH01 _h0731 |
||
| 590 |
_aCONVERSION _b10 _c20130109 _lUCH01 _h1322 |
||
| 650 | 1 | 4 |
_aBotánica _xClasificación. _914516 |
| 650 | 1 | 4 |
_aPapa. _985165 |
| 650 | 1 | 4 |
_aPapa _xMéxico. _985263 |
| 901 | _aBK | ||
| 942 | _cTESIS | ||
| 949 |
_bBC _cTES _d-104257 _eTS1 _i45651 _si |
||
| 999 |
_c40553 _d40553 |
||